00617nam a2200229 a 4500001001300000003000900013005001700022008004100039020001000080082001300090100001500103245003000118260003000148300000800178500003500186505002800221700001500249902000800264942000700272952009300279999001500372nice12345678IN_TiNIC20260116011808.0050524s1930 egya grp 000 0 per  ac10000a201bLIO aLioyd, A B aSarbaz-E-Khuda Dar Africa aEgyptbMatba-E-Neelc1930 a61p aincludes index and biblioraphy2 aHand Written Manuscript1 aLioyd, A B bSRS cBK 00104070aHMIbHMId2007-03-19g100.00l0o201 LIOp5053r2007-03-19w2026-01-16yARB c4034d4034